Laboratorio de Química general
| Main Authors: | , , |
|---|---|
| Format: | Section = Libro |
| Language: | Undetermined Spanish |
| Published: |
México
Reverté
2008
|
| Subjects: |
| LEADER | 00656nam a2200241Ia 4500 | ||
|---|---|---|---|
| 008 | 240829s9999 xx 000 0 und d | ||
| 020 | |a 978-968-6708-70 | ||
| 040 | |a BIBLIOTECA-RUSB/ 542.1 M958 | ||
| 041 | |a spa | ||
| 082 | |a 542.1 M958 | ||
| 100 | 1 | |a Muller, Graciela | |
| 100 | 1 | |b Llano, Mercedes | |
| 100 | 1 | |c García Ortega, Héctor | |
| 245 | 1 | 0 | |a Laboratorio de Química general |
| 260 | |a México |b Reverté |c 2008 | ||
| 300 | |a 182 p. :il. | ||
| 650 | 7 | |a MANUAL DE LABORATORIO | |
| 650 | 7 | |b QUÍMICA GENERAL | |
| 650 | 7 | |c LABORATORIO DE QUÍMICA | |
| 650 | 7 | |d EXPERIMENTOS DE QUÍMICA | |
| 942 | |c BK |2 ddc | ||
| 991 | |a TEXTO | ||
| 999 | |c 2417 | ||